| 000 | 00805nam a22001937a 4500 | ||
|---|---|---|---|
| 005 | 20210406103808.0 | ||
| 008 | 210406s2019 ck a|||g |||| 00| 0 spa d | ||
| 020 | _a9789588040943 | ||
| 040 |
_aCO-BoUCM _cDeissy Garcia _dDeissy Garcia |
||
| 041 | 0 | _aspa | |
| 100 | 1 |
_9102966 _aGonzález Pérez, Marcos |
|
| 245 | 1 | 0 |
_aFiestas de nación Colombia _b20 de julio aniversario de la proclamación de la independencia nacional en 1810 ; 7 de agosto aniversario de la Batalla de Boyacá _cMarcos González Pérez |
| 260 |
_aBogotá _bAcademia Colombiana de Historia _c2019 |
||
| 300 |
_a111 páginas _b ilustraciones |
||
| 504 | _aIncluye referencias bibliográficas | ||
| 650 | 7 |
_aDías festivos _zColombia _9102967 |
|
| 942 |
_2DEWEY _a5 _cLIBRO _e1 _h394.26 _mG643f _n0 |
||
| 999 |
_c318719 _d318719 |
||